LEADER 00809nam0 2200265 450 001 000001963 005 20050630115500.0 010 $a88-14-07359-7 100 $a--------d2000----km-y0itay50------ba 101 $aita 102 $aIT 200 1 $aLineamenti di diritto della previdenza sociale$fMaurizio Cinelli 205 $a3. ed. 210 $aMilano$cGiuffrè$d2000c 215 $aXIII, 231 p.$d23 cm 225 2 $aBiblioteca di base Giuffrè 410 0$12001$aBiblioteca di base Giuffrè 610 1 $aPrevidenza sociale$aDiritto 676 $a344.4502 700 1$aCinelli,$bMaurizio$0132995 801 0$aIT $bUNIPARTHENOPE $gRICA $2UNIMARC 912 $a000001963 951 $cNAVA1$a344-L/5$b34034$d20001018 996 $aLineamenti di diritto della previdenza sociale$9777813 997 $aUNIPARTHENOPE LEADER 02079nam 2200361 450 001 9910585998103321 005 20221203205822.0 035 $a(CKB)4100000008262864 035 $a(NjHacI)994100000008262864 035 $a(EXLCZ)994100000008262864 100 $a20221203d2019 uy 0 101 0 $ager 135 $aur||||||||||| 181 $ctxt$2rdacontent 182 $cc$2rdamedia 183 $acr$2rdacarrier 200 14$aDas Dehmelhaus in Blankenese $eKu?nstlerhaus zwischen Erinnern und Vergessen /$fCarolin Vogel 205 $aFirst edition. 210 1$aHamburg :$cHamburg University Press; 1st edition,$d[2019] 210 4$d©2019 215 $a1 online resource (xiv, 481 pages) $cillustrations 225 0 $aSchriftenreihe der Professur fu?r Denkmalkunde der Europa-Universita?t Viadrina ;$vBand 4 311 $a3-943423-60-3 330 $a"Dem gro?ßten deutschen Dichter wurde eine Villa geschenkt" titelte eine italienische Tageszeitung 1913. Hundert Jahre spa?ter stand Richard Dehmels Haus vor dem Verfall. Was war passiert? Dieses Buch rekonstruiert die Geschichte eines außergewo?hnlichen Ortes und seiner Bewohner. Es erinnert an zwei Schlu?ssel­figuren der ku?nstlerischen Moderne: an den Lyriker Richard Dehmel (1863-1920), der Thomas Mann entdeckte, Karl Schmidt-Rottluff bewegte und Arnold Scho?nberg inspirierte, und an die Kunstfo?rderin Ida Dehmel (1870-1942), die Schriftsteller anregte, fu?r Frauenrechte ka?mpfte und den Ku?nstlerinnenverband GEDOK gru?ndete. Basierend auf Briefen wird der Wandel des Gesamtkunstwerkes Dehmelhaus vom sagenumwobenen Ku?nstlertreffpunkt zum Erinnerungsort nachgezeichnet. Das Buch fragt nach Gru?nden fu?r sein Verschwinden und zeigt, wie das Dehmelhaus dennoch den Stu?rmen des 20. Jahrhunderts standhielt. 517 $aDehmelhaus in Blankenese 676 $a307.09 700 $aVogel$b Carolin$01269464 801 0$bNjHacI 801 1$bNjHacl 906 $aBOOK 912 $a9910585998103321 996 $aDas Dehmelhaus in Blankenese$92987897 997 $aUNINA